[Event "SUI-ch Rapid"]
[Site "Biel"]
[Date "2023.07.30"]
[Round "8"]
[White "Loetscher, Roland"]
[Black "Olarte, Stefan"]
[Result "1-0"]
[WhiteElo "2386"]
[BlackElo "1879"]
[PlyCount "79"]
[EventDate "2023.07.30"]
[EventType "swiss (rapid)"]
[EventRounds "9"]
[EventCountry "SUI"]
[SourceTitle "CBM 215 Extra"]
[Source "ChessBase"]
[SourceDate "2023.09.30"]
[SourceVersion "1"]
[SourceVersionDate "2023.09.30"]
[SourceQuality "1"]

1. c4 g6 2. g3 Bg7 3. Bg2 c6 4. Nc3 Nf6 5. e4 d6 6. Nge2 Nbd7 7. d4 e5 8. 0-0 exd4 9. Qxd4 Ne5 10. c5 0-0 11. Qxd6 Qxd6 12. cxd6 Be6 13. f4 Nd3 14. e5 Nd7 15. Nd4 Bc4 16. b3 Ba6 17. Rd1 N7xe5 18. fxe5 Bxe5 19. Nde2 Bxd6 20. Be3 Rfe8 21. Ne4 Be5 22. Bd4 f5 23. N4c3 c5 24. Bxe5 Rxe5 25. Nf4 Nb4 26. Rd7 Rae8 27. Bxb7 Bxb7 28. Rxb7 g5 29. Nh5 Re1+ 30. Rxe1 Rxe1+ 31. Kg2 Rc1 32. Nf6+ Kf8 33. Nxh7+ Ke8 34. Nf6+ Kf8 35. Nd7+ Ke8 36. Nf6+ Kf8 37. Ncd5 Rc2+ 38. Kf1 Nd3 39. Nh7+ Ke8 40. Ndf6+ 1-0

[Event "SUI-ch Rapid"]
[Site "Biel"]
[Date "2023.07.30"]
[Round "3"]
[White "Olarte, Stefan"]
[Black "Erne, Raphael"]
[Result "0-1"]
[WhiteElo "1879"]
[BlackElo "2077"]
[PlyCount "124"]
[EventDate "2023.07.30"]
[EventType "swiss (rapid)"]
[EventRounds "9"]
[EventCountry "SUI"]
[SourceTitle "CBM 215 Extra"]
[Source "ChessBase"]
[SourceDate "2023.09.30"]
[SourceVersion "1"]
[SourceVersionDate "2023.09.30"]
[SourceQuality "1"]

1. Nf3 d5 2. c4 c6 3. b3 Bf5 4. g3 e6 5. Bb2 Nf6 6. Nh4 Be4 7. f3 Bg6 8. Nxg6 hxg6 9. Bg2 Bd6 10. d4 Bb4+ 11. Kf2 0-0 12. c5 Re8 13. e4 dxe4 14. fxe4 e5 15. a3 Ba5 16. dxe5 Qxd1 17. Rxd1 Nfd7 18. e6 Rxe6 19. Bh3 Re7 20. b4 Bc7 21. Rd2 Nf6 22. Nc3 Nbd7 23. Re2 Ne5 24. Rd1 Rae8 25. b5 Nc4 26. Bc1 Be5 27. Na2 cxb5 28. Nb4 Bc7 29. Bg5 Nxa3 30. Bxf6 gxf6 31. Nd5 Be5 32. Nxe7+ Rxe7 33. Rd8+ Kg7 34. Red2 b4 35. R8d3 a5 36. Ra2 Bc3 37. Bg2 Nc4 38. Rxc3 bxc3 39. Rc2 Ne5 40. Rxc3 Rc7 41. Ke3 b6 42. Kd4 bxc5+ 43. Rxc5 Rxc5 44. Kxc5 Ng4 45. h3 Ne3 46. Bf3 f5 47. e5 Nf1 48. g4 fxg4 49. hxg4 Nh2 50. Bd1 Kh6 51. Kd6 Kg7 52. g5 Nf1 53. Ke7 Ne3 54. Bb3 Ng4 55. Kd6 Kf8 56. Bd1 Ne3 57. Bb3 Nf5+ 58. Kc5 Nh4 59. Bd1 Nf5 60. Kb5 Ne3 61. Bf3 Ke7 62. Kc5 a4 0-1

[Event "SUI-ch Rapid"]
[Site "Biel"]
[Date "2023.07.30"]
[Round "9"]
[White "Olarte, Stefan"]
[Black "Kappeler, Kaspar"]
[Result "0-1"]
[WhiteElo "1879"]
[BlackElo "2190"]
[PlyCount "60"]
[EventDate "2023.07.30"]
[EventType "swiss (rapid)"]
[EventRounds "9"]
[EventCountry "SUI"]
[SourceTitle "CBM 215 Extra"]
[Source "ChessBase"]
[SourceDate "2023.09.30"]
[SourceVersion "1"]
[SourceVersionDate "2023.09.30"]
[SourceQuality "1"]

1. Nf3 Nf6 2. g3 e6 3. Bg2 d5 4. c4 c5 5. 0-0 Nc6 6. b3 Be7 7. a3 0-0 8. h3 b6 9. d3 Bb7 10. Nbd2 Qc7 11. Bb2 Rad8 12. Qc2 d4 13. e4 dxe3 14. fxe3 Qxg3 15. e4 Nh5 16. e5 Nf4 17. Ne4 Qxg2+ 18. Qxg2 Nxg2 19. Kxg2 Rxd3 20. Rfd1 Rxd1 21. Rxd1 Rd8 22. Nd6 Ba8 23. Kg3 f6 24. Re1 Nxe5 25. Nb5 Nxf3 26. Rxe6 Kf7 27. Re3 Ng5 28. Nxa7 Bd6+ 29. Kg4 g6 30. Nb5 h5+ 0-1

[Event "SUI-ch Rapid"]
[Site "Biel"]
[Date "2023.07.30"]
[Round "5"]
[White "Olarte, Stefan"]
[Black "Thaler, Matthias"]
[Result "1-0"]
[WhiteElo "1879"]
[BlackElo "2201"]
[PlyCount "47"]
[EventDate "2023.07.30"]
[EventType "swiss (rapid)"]
[EventRounds "9"]
[EventCountry "SUI"]
[SourceTitle "CBM 215 Extra"]
[Source "ChessBase"]
[SourceDate "2023.09.30"]
[SourceVersion "1"]
[SourceVersionDate "2023.09.30"]
[SourceQuality "1"]

1. Nf3 d5 2. c4 e6 3. b3 c5 4. g3 Nc6 5. Bg2 Nf6 6. 0-0 Bd6 7. d3 0-0 8. Nbd2 d4 9. a3 a5 10. e4 dxe3 11. fxe3 Be5 12. Nxe5 Nxe5 13. Ne4 Nxe4 14. dxe4 Qg5 15. Qe2 Bd7 16. Rf4 Bc6 17. Bb2 Rfd8 18. h4 Qxg3 19. Bxe5 f5 20. Rxf5 Qxh4 21. Rh5 Qe7 22. Qg4 g6 23. Rf1 Rd2 24. Qxg6+ 1-0